Normal view
MARC view
- الاجراءت الفنية- الفهرسة-التصنيف-التزويد
Entry Topical Term
001 - CONTROL NUMBER
- control field: 18435
003 - CONTROL NUMBER IDENTIFIER
- control field: JO-AjAnu
005 - DATE AND TIME OF LATEST TRANSACTION
- control field: 20230606073234.0
008 - FIXED-LENGTH DATA ELEMENTS
- fixed length control field: 230606|| aca||aabn | a|a d
040 ## - CATALOGING SOURCE
- Original cataloging agency: JO-AjAnu
- Transcribing agency: JO-AjAnu
150 ## - HEADING--TOPICAL TERM
- Topical term or geographic name entry element: الاجراءت الفنية- الفهرسة-التصنيف-التزويد
670 ## - SOURCE DATA FOUND
- Source citation: Work cat.: (JO-AjAnu)9463: عمر ، احمد نور , author 18434, الاجراءات الفنية للمكتبات